| 000 | 00705nam a2200241 i 4500 | ||
|---|---|---|---|
| 001 | bg | ||
| 100 | 1 | _aNoga, Adam. | |
| 245 | 1 | 0 |
_aTeorie przedsiębiorstw / _cAdam Noga. |
| 260 |
_aWarszawa : _bPolskie Wydawnictwo Ekonomiczne, _c2009. |
||
| 300 |
_a359 s. : _bil. ; _c25 cm. |
||
| 504 | _aBibliogr. s. 331-359. | ||
| 650 | 9 |
_aPrzedsiębiorstwo _xteoria |
|
| 655 | _aPodręczniki akademickie | ||
| 020 | _a9788320818000 | ||
| 040 | _cBPK | ||
| 041 | _apol | ||
| 044 | _aPOL | ||
| 080 | _a658.1/.5-027.21(075.8) | ||
| 920 | _a978-83-208-1800-0 | ||
| 942 | _cKS | ||
| 008 | s pl f |000 0 pol | ||
| 999 |
_c55895 _d55895 |
||
| 856 |
_uhttp://koha.tu.koszalin.pl/cgi-bin/koha/opac-detail.pl?biblionumber=55895 _yKatalog online BPK |
||